Las pinturas, un ejemplo de mezclas /

El proceso de fabricación de pinturas y tinturas, y sus diversos usos y aplicaciones a lo largo de la historia de la humanidad. Se describen los procedimientos que incluyen diversas mezclas. Se destaca la importancia del proceso de fabricación.

Guardado en:
Autor Principal: Chiesa, Mariano
Autor Corporativo: Canal Encuentro.
Formato: Deslizar
Publicado: Argentina, 2011
Series:Horizontes. Ciencias Naturales
Materias:
Acceso en línea:https://www.educ.ar/recursos/50719/las-pinturas-un-ejemplo-de-mezclas
Etiquetas: Agregar Etiqueta
Sin Etiquetas, Sea el primero en etiquetar este registro!
LEADER 01095ngm a22002775g 4500
001 CEM.cems023646
008 130507s2011##################0###0#####d
005 20250618160902.0
245 1 0 |a Las pinturas, un ejemplo de mezclas /  |c Mariano Chiesa. 
260 |a Argentina,  |c 2011 
300 |a 26'. 
490 0 |a Horizontes. Ciencias Naturales 
538 |a Soporte: DVD - Color: Si - Grabación DRD 
520 |a El proceso de fabricación de pinturas y tinturas, y sus diversos usos y aplicaciones a lo largo de la historia de la humanidad. Se describen los procedimientos que incluyen diversas mezclas. Se destaca la importancia del proceso de fabricación. 
500 |a Consultar en ventanilla. 
100 1 |a Chiesa, Mariano 
710 2 |a Canal Encuentro. 
082 5 0 |/ CHI-1 
653 |a FISICA 
653 |a PINTURAS 
653 |a TINTURAS 
653 |a COLORES 
653 |a PIGMENTOS 
653 |a SERIE DE TELEVISIÓN 
856 |u https://www.educ.ar/recursos/50719/las-pinturas-un-ejemplo-de-mezclas 
859 |a CEMS  |b BIB. CEMS - Depto. Recursos Didacticos  |h 500  |i CHI-1  |k DRD  |p 2289.15  |t Ej.1